000 00598nam a22002057a 4500
003 MPLRDC
005 20220104195911.0
008 210129b ||||| |||| 00| 0 eng d
020 _a978-957-32-6675-4
082 _a857.62 CHR-11 v.6
100 _a阿嘉莎·克莉丝蒂 AGATHA CHRISTIE
245 _a史岱尔谋杀案
_c孙柯 译
250 _a二版一刷
260 _a台湾
_b远流出版事业股份有限公司
_c2010
300 _b
490 _a克莉丝蒂120 诞辰纪念版: 6
520 _a上架 2016-12-16。
650 _a推理小说
942 _cBK
_o857.62 CHR-11 v.6
999 _c66406
_d66396